000 01260nam a2200313 i 4500
001 000039158
003 DO-SdBNP
005 20260305131334.0
007 ta
008 130528s2013 dr 000 0 spa d
020 _a9789945887716
040 _aDO-SdBNP
_bspa
_cBNPHU
_erda
041 _aspa
082 4 _axxx
_bxxx
_222
100 1 _aFranks, Julie Cheryl,
_eautor
_4aut.
_965359
245 1 0 _aTransformando la propiedad :
_bla tenencia de tierras y los derechos políticos en la región azucarera dominicana 1880-1930 /
_cJulie Cheryl Franks ; traducción y edición, Rosario Flores Paz ; presentación, Frank Moya Pons
264 1 _aSanto Domingo :
_bAcademia Domincana de la Historia,
_c2013.
300 _a258 páginas ;
_c24 cm.
336 _atexto
_btxt
_2rdacontent
337 _asin mediación
_bn
_2rdamedia
338 _avolumen
_bnc
_2rdacarrier
500 _aIncluye referencias bibiográficas y notas al pie de las págianas
500 _aIncluye datos biográficos del autor en la solapa de la cubierta
504 _aBibliografía : páginas 233-250
590 _aInventariado, 2024/BT
700 1 _aFlores Paz, Rosario,
_etraductor y editor
_4tr. y ed.
_965366
700 1 _aMoya Pons, Frank,
_epresentación
_984999
942 _2ddc
_cLBS1
999 _c38648
_d38648